Welcome to CU Library Online Public Access Catalogue (OPAC)

Research in counseling / (Record no. 3268)

MARC details
000 -LEADER
fixed length control field 00739pam a2200217 a 4500
001 - CONTROL NUMBER
control field 3904633
005 - DATE AND TIME OF LATEST TRANSACTION
control field 20250130171741.0
008 - FIXED-LENGTH DATA ELEMENTS--GENERAL INFORMATION
fixed length control field 910207s1991 njua b 001 0 eng
020 ## - INTERNATIONAL STANDARD BOOK NUMBER
International Standard Book Number 080580689X
020 ## - INTERNATIONAL STANDARD BOOK NUMBER
International Standard Book Number 0805806903 (pbk.)
050 00 - LIBRARY OF CONGRESS CALL NUMBER
Classification number BF637.C6
Item number W38 1991
082 00 - DEWEY DECIMAL CLASSIFICATION NUMBER
Classification number 158/.3/072
Edition information 20
245 00 - TITLE STATEMENT
Title Research in counseling /
Statement of responsibility, etc. [edited by] C. Edward Watkins, Jr., Lawrence J. Schneider.
260 ## - PUBLICATION, DISTRIBUTION, ETC.
Place of publication, distribution, etc. Hillsdale, N.J. :
Name of publisher, distributor, etc. L. Erlbaum Associates,
Date of publication, distribution, etc. 1991.
300 ## - PHYSICAL DESCRIPTION
Extent xi, 313 p. :
Other physical details ill. ;
Dimensions 24 cm.
650 #0 - SUBJECT ADDED ENTRY--TOPICAL TERM
Topical term or geographic name entry element Counseling
General subdivision Research.
700 1# - ADDED ENTRY--PERSONAL NAME
Personal name Watkins, C. Edward,
Titles and other words associated with a name Jr.
700 1# - ADDED ENTRY--PERSONAL NAME
Personal name Schneider, Lawrence J.
856 42 - ELECTRONIC LOCATION AND ACCESS
Materials specified Publisher description
Uniform Resource Identifier <a href="http://www.loc.gov/catdir/enhancements/fy0745/91009450-d.html">http://www.loc.gov/catdir/enhancements/fy0745/91009450-d.html</a>
942 ## - ADDED ENTRY ELEMENTS (KOHA)
Source of classification or shelving scheme Library of Congress Classification
Koha item type Books
Suppress in OPAC No
999 ## -
-- 3268
-- 3268
Holdings
Withdrawn status Lost status Source of classification or shelving scheme Damaged status Not for loan Collection Home library Current library Shelving location Date acquired Total checkouts Full call number Barcode Date last seen Copy number Price effective from Koha item type
    Library of Congress Classification     Non-fiction Graduate Library (Christ Temple) Graduate Library (Christ Temple) General stacks 01/30/2025   BF 637.C6 WAT GSCT00000435 01/30/2025 1 01/30/2025 Books
© 2023-2024 Copyright: Central University Libraries. All Rights Reserved | Created by: Mahone Tech Office